Chemical engineering kinetics (Record no. 6589)

000 -LEADER
fixed length control field 00510nam a2200193 4500
001 - CONTROL NUMBER
control field 6589
003 - CONTROL NUMBER IDENTIFIER
control field BD-DhUET
008 - FIXED-LENGTH DATA ELEMENTS--GENERAL INFORMATION
fixed length control field 700825s1970 nyua b 001 0 eng
040 ## - CATALOGING SOURCE
Transcribing agency 0
Modifying agency BD-DhUET
Original cataloging agency DLC
082 00 - DEWEY DECIMAL CLASSIFICATION NUMBER
Classification number 541.39
Item number SMI/1970
100 ## - MAIN ENTRY--PERSONAL NAME
Personal name Smith, J. M.
245 10 - TITLE STATEMENT
Title Chemical engineering kinetics
250 ## - EDITION STATEMENT
Edition statement 2nd ed.
260 ## - PUBLICATION, DISTRIBUTION, ETC. (IMPRINT)
Place of publication, distribution, etc. New York
Name of publisher, distributor, etc. McGraw-Hill
Date of publication, distribution, etc. 1970
300 ## - PHYSICAL DESCRIPTION
Extent xviii, 612p.
Other physical details ill.
490 0# - SERIES STATEMENT
Series statement McGraw-Hill chemical engineering series
650 #0 - SUBJECT ADDED ENTRY--TOPICAL TERM
Topical term or geographic name as entry element Kinetics : Physical chemistry
942 ## - ADDED ENTRY ELEMENTS (KOHA)
Koha item type General Book
Holdings
Sublocation or collection (holding branch) Location (home branch) Lost status Withdrawn status Koha full call number Koha normalized classification for sorting Date acquired Koha item type Damaged status Copy number Price effective from Not for loan Shelving location Koha date last seen Piece designation (barcode) Source of classification or shelving scheme
Central Library, BUETCentral Library, BUET  541.39/SMI/1970541_390000000000000_SMI_19702014-12-04General Book 12014-12-04 Circulation section2014-12-0484576 
Central Library, BUETCentral Library, BUET  541.39/SMI/1970541_390000000000000_SMI_19702014-12-12General Book 22014-12-12 Circulation section2014-12-1229865 
Central Library, BUETCentral Library, BUET  541.39/SMI/1970541_390000000000000_SMI_19702014-12-12General Book 32014-12-12 Circulation section2014-12-1229867 
Central Library, BUETCentral Library, BUET  541.39/SMI/1970541_390000000000000_SMI_19702014-12-12General Book 42014-12-12 Circulation section2014-12-1229863 
Central Library, BUETCentral Library, BUET  541.39/SMI/1970541_390000000000000_SMI_19702015-03-11General Book 52015-03-11 Circulation section2015-03-1129871 
Central Library, BUETCentral Library, BUET  541.39/SMI/1970541_390000000000000_SMI_19702015-03-14General Book 62015-03-14 Circulation section2015-03-1429868 
Central Library, BUETCentral Library, BUET  541.39/SMI/1970541_390000000000000_SMI_19702015-03-14General Book 72015-03-14 Circulation section2015-03-1437045 
Central Library, BUETCentral Library, BUET  541.39/SMI/1970541_390000000000000_SMI_19702015-04-23General Book 82015-04-23 Circulation section2015-04-2329869 
Central Library, BUETCentral Library, BUET  541.39/SMI/1970541_390000000000000_SMI_19702015-04-23General Book 92015-04-23 Circulation section2015-04-2329859 
Central Library, BUETCentral Library, BUET  541.39/SMI/1970541_390000000000000_SMI_19702015-04-26General Book 102015-04-26 Circulation section2015-04-2629870 
Central Library, BUETCentral Library, BUET  541.39/SMI/1970541_390000000000000_SMI_19702015-04-26General Book 112015-04-26 Circulation section2015-04-2629861 
Central Library, BUETCentral Library, BUET  541.39/SMI/1970541_390000000000000_SMI_19702015-04-27General Book 122015-04-27 Circulation section2015-04-2725967 
Central Library, BUETCentral Library, BUET  541.39/SMI/1970541_390000000000000_SMI_19702015-04-27General Book 132015-04-27 Circulation section2015-04-2729860 
Central Library, BUETCentral Library, BUET  541.39/SMI/1970541_390000000000000_SMI_19702015-06-08Reading Item 142015-06-08 Reading section2015-06-0829862 
Central Library, BUETCentral Library, BUET  541.39/SMI/1970541_390000000000000_SMI_19702015-06-08Reading Item 152015-06-08 Reading section2015-06-0829866 
Central Library, BUETCentral Library, BUET  541.39/SMI/1970541_390000000000000_SMI_19702015-06-08Reading Item 162015-06-08 Reading section2015-06-0829872 
Central Library, BUETCentral Library, BUET  541.39/SMI/1970541_390000000000000_SMI_19702015-06-08Reading Item 172015-06-08 Reading section2015-06-0829864